Jacinto Jijón y Caamaño

محفوظ في:
التفاصيل البيبلوغرافية
التنسيق: كتاب
اللغة:الإسبانية
منشور في: Quito Corporación de Estudios y Publicaciones 1989
سلاسل:Biblioteca Ecuatoriana Clásica, 23
الموضوعات:
الوسوم: إضافة وسم
لا توجد وسوم, كن أول من يضع وسما على هذه التسجيلة!

MARC

LEADER 00000nam a2200000 a 4500
001 UCM1756
003 CL-VaPUC
008 020412e19890000EC |||||||||||||||||spa|d
082 0 4 |a 986.6  |b JAC  |2 21 
245 1 0 |a Jacinto Jijón y Caamaño 
300 |a 475 p 
942 |c BK 
945 |d 20020412 00:00:00  |a cmena 
260 |a Quito  |b Corporación de Estudios y Publicaciones  |c 1989 
600 0 7 |a JIJON Y CAAMAÑO, JACINTO  |2 CL-VaPUC  |9 321111 
650 7 |a HISTORIA ECUATORIANA  |2 CL-VaPUC  |9 393516 
651 0 |a Ecuador  |9 258378 
583 |a last modification  |c 20020412 00:00:00  |k Rodrigo Vera 
490 0 |a Biblioteca Ecuatoriana Clásica, 23 
999 |c 299997  |d 299995 
952 |0 0  |1 0  |4 0  |6 986_600000000000000_JAC_1989  |7 0  |8 P  |9 357268  |a BIBEDU  |b BIBEDU  |c BIBEDU_PB  |d 2019-11-21  |i 3670740  |o 986.6 JAC 1989  |p 3670740  |r 2024-01-25  |w 2019-11-21  |y BK  |k LIT